Catálogo

¡Aquí viene Lucas! / (Registro nro. 68818)

Detalles MARC
000 -LEADER
fixed length control field 01361cam a2200385 i 4500
001 - CONTROL NUMBER
control field 68818
003 - CONTROL NUMBER IDENTIFIER
control field Mx-PuUPA
005 - DATE AND TIME OF LATEST TRANSACTION
control field 20221017081812.0
008 - FIXED-LENGTH DATA ELEMENTS--GENERAL INFORMATION
fixed length control field 221014s2016 mx a gr 000 0 spa d
020 ## - INTERNATIONAL STANDARD BOOK NUMBER
International Standard Book Number 9786072420588
020 ## - INTERNATIONAL STANDARD BOOK NUMBER
International Standard Book Number 9789687791760
Qualifying information de la colección el barco de vapor
040 ## - CATALOGING SOURCE
Original cataloging agency Mx-PuUPA
Language of cataloging spa
Transcribing agency Mx-PuUPA
Modifying agency Mx-PuUPA
Description conventions rda
041 0# - LANGUAGE CODE
Language code of text/sound track or separate title spa
100 1# - MAIN ENTRY--PERSONAL NAME
9 (RLIN) 10754
Personal name Peyron, Gabriela,
Relator term autor
245 10 - TITLE STATEMENT
Title ¡Aquí viene Lucas! /
Statement of responsibility, etc. Gabriela Peyron ; ilustraciones de Cecilia Rébora
250 ## - EDITION STATEMENT
Edition statement Tercera edición
264 #1 - PRODUCTION, PUBLICATION, DISTRIBUTION, MANUFACTURE, AND COPYRIGHT NOTICE
Place of production, publication, distribution, manufacture Ciudad de México :
Name of producer, publisher, distributor, manufacturer SM de Ediciones,
Date of production, publication, distribution, manufacture, or copyright notice 2016
300 ## - PHYSICAL DESCRIPTION
Extent 61 páginas :
Other physical details ilustraciones ;
Dimensions 21 cm
336 ## - CONTENT TYPE
Fuente rdacontent
Content type term texto
Content type code txt
336 ## - CONTENT TYPE
Fuente rdacontent
Content type term imagen fija
Content type code sti
337 ## - MEDIA TYPE
Source rdamedia
Media type term sin medio
Media type code n
338 ## - CARRIER TYPE
Source rdacarrier
Carrier type term volumen
Carrier type code nc
490 1# - SERIES STATEMENT
Series statement El bardo de vapor. Blanca ;
Volume/sequential designation 16 M
521 0# - TARGET AUDIENCE NOTE
Target audience note Primeros lectores.
650 #7 - SUBJECT ADDED ENTRY--TOPICAL TERM
Source of heading or term armarc
Topical term or geographic name entry element Literatura mexicana
650 #7 - SUBJECT ADDED ENTRY--TOPICAL TERM
Source of heading or term armarc
Topical term or geographic name entry element Autoestima
General subdivision Literatura infantil
650 #7 - SUBJECT ADDED ENTRY--TOPICAL TERM
Source of heading or term armarc
Topical term or geographic name entry element Lactantes
General subdivision Literatura infantil
700 1# - ADDED ENTRY--PERSONAL NAME
Personal name Rébora, Cecilia,
Relator term ilustrador
830 #0 - SERIES ADDED ENTRY--UNIFORM TITLE
Uniform title Barco de vapor
Name of part/section of a work Blanca
Volume/sequential designation 16 M
942 ## - ADDED ENTRY ELEMENTS (KOHA)
Source of classification or shelving scheme Dewey Decimal Classification
Koha item type Libro
Classification part 808.8035234
Item part B2216
Existencias
Withdrawn status Lost status Source of classification or shelving scheme Damaged status Not for loan Collection code Home library Current library Shelving location Date acquired Source of acquisition Cost, normal purchase price Total Checkouts Total Renewals Full call number Barcode Date last seen Date last checked out Cost, replacement price Price effective from Koha item type
    Dewey Decimal Classification     Infantil Biblioteca Karol Wojtyla Biblioteca Karol Wojtyla Área de silencio 20/08/2021 1 128.00 3 1 808.8035234 B2216 2016 101191 28/04/2026 07/04/2026 128.00 20/08/2021 Libro infantil